000 00659nam a2200229Ia 4500
003 OSt
005 20220923225359.0
006 a|||||r|||| 00| 0
007 ta
008 220922b |||||||| |||| 00| 0 hin d
024 _a264,835
037 _cTextual
040 _aARTS
_cARTS
_bhin
041 _2hin
_ahin
082 _aP33, 1512L4
100 _aकातगडे, पंुडलीकजी
245 0 _aकन्नड भाषा परिचय
246 _aKannaḍ bhāṣhā parichaya
260 _c1974
942 _hP33, 1512L4
_cTEXL
_2CC
999 _c377915
_d377915